00873cam a2200205 a 450000100100000000500170001000800410002704000250006808200170009310000450011024500800015526000480023530000210028350400300030465000370033465000370037195201210040895201210052999900170065000001128420200929162417.0921022s1986 cu b 000 0 spa  aDO-SdBNPbspacBNPHU a610.9bL864c1 aLópez Sánchez, José,d1911-92687310aCiencia y medicina :bhistoria de las ciencias /cJosé López Sánchez. aLa Habana :bCientífico-Técnica,c1986. a409 p. ;c24 cm. aBibliográfia p: 405-406 4aMedicinazCubaxHistoria.926874 4aMedicinazCubaxHistoria.926874 001052708MOaGRbGRcHDd2009-10-15iLF1l0o610.9 L864cp11284-10r2020-06-25w2020-06-25y2ZPréstamo interno 001150718MOaGRbGRcMId2017-06-09iLF1l0o610.9 L864cp11284-20r2020-06-25te. 2w2020-06-25y1ZNo se presta c10999d10999